Follow That Line: Shrek Quiz Stats

 Plays Quiz Updated Oct 7, 2014

Score 0/24 Timer 07:00
1 Play Today
% Correct
OUR swamp?
94.7%
I don't have any toes!
94.1%
Stairs? I thought we was lookin' for the Princess.
93.6%
DRAGON!
92.4%
Don't do what? Oh, you mean this?
91.8%
Man, this would be so much easier if I wasn't COLOR-BLIND!
91.4%
And in the morning, I'm making waffles!
90.9%
Yeah, it's getting him to shut up that's the trick!
89.9%
Ah... really tall?
89.8%
Do you think he's maybe compensating for something?
89.8%
Man, there was some strong gases eking outta my butt that day!
89.5%
That would be my home.
89.3%
% Correct
Oh, my God, you ate the princess!
89.2%
But showing up uninvited to a wedding?
89.1%
Well, where are we supposed to put her? The bed's taken!
88.5%
No, I'm just uncomfortable about being on a rickety bridge over a boiling lake of lava!
88.4%
They never last, do they?
88.3%
That's the moon.
86.9%
You're afraid of your own feelings!
86.2%
Please. I would'st look upon the face of my rescuer.
82.9%
What? That wasn't in the job description!
81.5%
In the tower, waiting for us to rescue her.
79.5%
It's on my to-do list, now come on!
76.7%
Look at my eye twitchin'.
74%

You're not logged in!

Compare scores with friends on all Sporcle quizzes.
OR
Log In

Show Comments

Extras

Top Quizzes Today


Score Distribution

Your Account Isn't Verified!

In order to create a playlist on Sporcle, you need to verify the email address you used during registration. Go to your Sporcle Settings to finish the process.

Report this User

Report this user for behavior that violates our Community Guidelines.

Details: